Представление документа в формате RUSMARC

ПолеНазваниеЗначение
  Тип записи a
  Библиографический уровень m
001 Контрольный номер UONB/MAIN/1cb7773369854727abdc3238eccbc143
005 Дата корректировки 20240131005937.5
010 Индекс ISBN __
b Уточнения в пер.
d Цена 90 к.
9 Тираж 5000 экз.
100 Данные общей обработки __
a Данные общей обработки 20231206d1988 u y0rusy0189 ca
101 Язык документа 0_
a Язык текста rus
102 Страна публикации __
a Страна публикации RU
105 Кодированные данные (монография) __
a Кодированные данные (монография) a g 001yy
200 Заглавие и сведения об ответственности 1_
a Заглавие Справочник по порошковой металлургии
f Первые сведения об ответственности О.В. Роман, И.П. Габриелов
e Сведения, относящиеся к заглавию порошки, материалы, процессы
203 Вид содержания и тип средства __
a Вид содержания Текст
b Характеристика содержания визуальный
c Тип средства непосредственный
210 Выходные данные 1_
a Место издания Минск
c Издательство Беларусь
d Дата издания 1988
215 Физическое описание __
a Объем 174, [1] с.
c Иллюстрации/тип воспроизводства ил.
d Формат 21 см
320 Библиография __
a Библиография Библиогр.: с. 173
606 Тематические рубрики 0_
a Основная рубрика Порошковая металлургия
j Формальный подзаголовок Справочники
610 Ключевые слова 0_
a Ключевые слова порошковая металлургия
675 Индекс УДК __
a Индекс УДК 6П3.3
686 Индексы других классификаций __
a Классификационный индекс 34.39
700 Автор _1
a Фамилия Роман
b Имя (инициалы) О.В.
g Полное личное имя Олег Владиславович
701 Альтернативная интеллектуальная ответственность _1
a Фамилия Габриелов
b Имя (инициалы) И.П.
g Полное личное имя Игорь Петрович
801 Источник записи _0
a Страна RU
b Организация Ульяновская ОНБ
c Дата составления 20231206
g Правила каталогизации RCR
801 Источник записи _1
a Страна RU
b Организация Ульяновская ОНБ
c Дата составления 20231206
g Правила каталогизации RCR
901 Тип документа __
t Тип документа m
909 Создатель записи __
a Создатель записи Солдатова
b Дата создания записи 20231206